| 000 | 00641nam a22001697a 4500 | ||
|---|---|---|---|
| 003 | OSt | ||
| 005 | 20171010095441.0 | ||
| 008 | 120611t xxu||||| |||| 00| 0 eng d | ||
| 040 |
_aMMSU _cULS |
||
| 100 |
_aOnnagan, Marianne S. _910157 |
||
| 245 |
_aBioremediation potential of water hyacinth (Eichornia Crassipes) on wastewater of cornick production of Paoay, Ilocos Norte _cMarianne S. Onnagan |
||
| 260 | _c2007 | ||
| 300 |
_a[xvi], 47 leaves _c28 cm. |
||
| 500 | _aThesis (BS Environmental Science) -- Mariano Marcos State University-College of Arts and Sciences, Batac City | ||
| 504 | _aBibliography: leaf 32 | ||
| 942 |
_2ddc _cTHEDIS |
||
| 999 |
_c9552 _d9552 |
||